[Event "SCCA Bulletin 21st Anniversary"]
[Site "SCCA Email"]
[Date "2001.06.01"]
[Round "?"]
[White "Greiner, Theodore J"]
[Black "Blair, David"]
[Result "1-0"]
[WhiteElo "2271"]
[BlackElo "2326"]
[PlyCount "109"]
[EventDate "2001.??.??"]
[Source "Chess Mail Ltd."]
[SourceDate "2003.04.28"]

1. e4 g6 2. d4 Bg7 3. Nc3 d6 4. f4 Nf6 5. Nf3 O-O 6. Bd3 Na6 7. O-O c5 8. d5
Rb8 9. Qe2 Nc7 10. a4 Re8 11. Rd1 e6 12. dxe6 Bxe6 13. e5 dxe5 14. fxe5 Nd7 15.
Bg5 Qc8 16. Ne4 Nxe5 17. Nd6 Qd7 18. Nxe8 Nxf3+ 19. gxf3 Rxe8 20. Qf2 Bxb2 21.
Bb5 Qc8 22. Bxe8 Bxa1 23. Qxc5 Nxe8 24. Qxc8 Bxc8 25. Rxa1 f6 26. Be3 a6 27.
Rd1 Be6 28. Kf2 h5 29. a5 Kf7 30. Bb6 g5 31. Rd8 Ng7 32. Bc5 Nf5 33. Ba3 g4 34.
Rh8 Kg6 35. Bb2 Nd6 36. Rf8 Bf7 37. Rd8 Nc4 38. Bc3 Be6 39. Kg3 gxf3 40. Kxf3
Na3 41. Kf4 Kf7 42. Rb8 Bd5 43. Rh8 Nb5 44. Bb2 Kg6 45. Rd8 Nc7 46. Rd6 Ne6+
47. Ke3 Bc4 48. Rd7 f5 49. Rxb7 f4+ 50. Kf2 Kf5 51. Rh7 Kg4 52. Rh8 Ng5 53. Rc8
Ne4+ 54. Ke1 Bd5 55. c4 1-0

[Event "SCCA Bulletin 21st Anniversary"]
[Site "SCCA Email"]
[Date "2001.06.01"]
[Round "?"]
[White "Greiner, Theodore J"]
[Black "Milligan, Bernard"]
[Result "1-0"]
[WhiteElo "2271"]
[BlackElo "2435"]
[PlyCount "71"]
[EventDate "2001.??.??"]
[Source "Chess Mail Ltd."]
[SourceDate "2003.04.28"]

1. e4 e5 2. Nc3 Nf6 3. Nf3 Nc6 4. Bb5 Nd4 5. Ba4 Bc5 6. Nxe5 O-O 7. Nd3 Bb6 8.
e5 Ne8 9. Nd5 Qh4 10. O-O d6 11. Ne3 dxe5 12. Nxe5 Nf6 13. c3 Ne2+ 14. Qxe2
Qxa4 15. d4 Be6 16. Qf3 c6 17. Nf5 Bxf5 18. Qxf5 Rad8 19. Bg5 Rd6 20. Bxf6 Rxf6
21. Qd7 Qc2 22. Rae1 Re6 23. Nc4 Qf5 24. Qxb7 c5 25. d5 Rxe1 26. Rxe1 Qd3 27.
Nd6 g6 28. Ne4 Qc2 29. Nf6+ Kg7 30. Qe7 c4 31. Rf1 Rd8 32. Ne8+ Rxe8 33. Qxe8
Qxb2 34. Qe5+ Kg8 35. a4 Ba5 36. d6 1-0

[Event "SCCA Bulletin 21st Anniversary"]
[Site "corr"]
[Date "2001.??.??"]
[Round "?"]
[White "Greiner, Theodore J"]
[Black "Campbell, J Franklin"]
[Result "1/2-1/2"]
[WhiteElo "2271"]
[BlackElo "2204"]
[PlyCount "67"]
[EventDate "2001.??.??"]
[Source "Chess Mail Ltd."]
[SourceDate "2003.04.28"]

1. e4 c5 2. Nf3 d6 3. Bb5+ Bd7 4. Bxd7+ Qxd7 5. c4 Nc6 6. Nc3 g6 7. d4 Bg7 8.
d5 Bxc3+ 9. bxc3 Na5 10. Nd2 f6 11. f4 Nh6 12. O-O Nf7 13. a4 O-O-O 14. Rb1 g5
15. fxg5 Nxg5 16. Rb5 b6 17. Qe2 Rdg8 18. Nb3 Nxb3 19. Rxb3 Qxa4 20. Ra3 Qd7
21. Ra6 Kb8 22. Bd2 Rg7 23. Rfa1 Rhg8 24. g3 e5 25. Rxa7 Qxa7 26. Rxa7 Rxa7 27.
h4 Nf7 28. Qf3 Ra2 29. Be1 Ra1 30. Kf1 Rg6 31. Ke2 Ra2+ 32. Bd2 Ra7 33. Be3 Rc7
34. g4 1/2-1/2

[Event "SCCA Bulletin 21st Anniversary"]
[Site "corr"]
[Date "2001.??.??"]
[Round "?"]
[White "Greiner, Theodore J"]
[Black "Fordham Hall, Christopher M"]
[Result "1/2-1/2"]
[WhiteElo "2271"]
[BlackElo "2299"]
[PlyCount "29"]
[EventDate "2001.??.??"]
[Source "Chess Mail Ltd."]
[SourceDate "2003.04.28"]

1. e4 c5 2. Nf3 d6 3. Bb5+ Bd7 4. Bxd7+ Qxd7 5. c4 Nc6 6. Nc3 g6 7. d4 cxd4 8.
Nxd4 h6 9. Be3 Ne5 10. Qe2 Qc8 11. b3 Ng4 12. Rd1 Nxe3 13. Qxe3 Bg7 14. O-O Nf6
15. Nde2 1/2-1/2

[Event "SCCA Bulletin 21st Anniversary"]
[Site "corr"]
[Date "2001.??.??"]
[Round "?"]
[White "Greiner, Theodore J"]
[Black "Pyrich, George D"]
[Result "1/2-1/2"]
[WhiteElo "2271"]
[BlackElo "2397"]
[PlyCount "50"]
[EventDate "2001.??.??"]
[Source "Chess Mail Ltd."]
[SourceDate "2003.04.28"]

1. e4 c5 2. Nf3 e6 3. d3 Nc6 4. g3 d5 5. Nbd2 Bd6 6. Bg2 Nge7 7. O-O O-O 8. Re1
f6 9. c3 Bd7 10. a3 Qc7 11. Qe2 b5 12. d4 c4 13. exd5 exd5 14. Nf1 Bg4 15. Ne3
Bh5 16. Qf1 Bf7 17. Nh4 Na5 18. Nef5 Nxf5 19. Nxf5 Nb3 20. Rb1 Rfe8 21. Nxd6
Rxe1 22. Qxe1 Qxd6 23. Qe2 Re8 24. Be3 Bg6 25. Re1 Be4 1/2-1/2

[Event "SCCA Bulletin 21st Anniversary"]
[Site "corr"]
[Date "2001.??.??"]
[Round "?"]
[White "Greiner, Theodore J"]
[Black "Rawlings, Alan J C"]
[Result "1/2-1/2"]
[WhiteElo "2271"]
[BlackElo "2372"]
[PlyCount "70"]
[EventDate "2001.??.??"]
[Source "Chess Mail Ltd."]
[SourceDate "2003.04.28"]

1. e4 c5 2. Nf3 Nc6 3. Bb5 e6 4. Bxc6 bxc6 5. b3 f6 6. O-O Ne7 7. e5 Ng6 8. Bb2
Be7 9. d3 O-O 10. Nbd2 fxe5 11. Nxe5 Nxe5 12. Bxe5 d6 13. Bg3 e5 14. f4 exf4
15. Bxf4 Bf6 16. Rb1 Bd4+ 17. Kh1 d5 18. Qe2 Bd7 19. Rbe1 Rf6 20. Be3 Rxf1+ 21.
Nxf1 Qa5 22. Bd2 Qxa2 23. Qe7 Bf5 24. Qb7 Rd8 25. Qxc6 Bg6 26. Bg5 Rf8 27. Be3
Bxe3 28. Nxe3 d4 29. Nd5 Qxc2 30. Ne7+ Kh8 31. Nxg6+ hxg6 32. Qxg6 Qe2 33. Rg1
Rf6 34. Qg5 Rf1 35. h3 Qxd3 1/2-1/2

[Event "SCCA Bulletin 21st Anniversary"]
[Site "corr"]
[Date "2001.??.??"]
[Round "?"]
[White "Greiner, Theodore J"]
[Black "Tatlow, Stephen"]
[Result "1/2-1/2"]
[WhiteElo "2271"]
[BlackElo "2342"]
[PlyCount "43"]
[EventDate "2001.??.??"]
[Source "Chess Mail Ltd."]
[SourceDate "2003.04.28"]

1. e4 c5 2. Nf3 e6 3. d3 Nc6 4. g3 d5 5. Nbd2 Nf6 6. Bg2 Be7 7. O-O b6 8. Re1
Qc7 9. a3 Bb7 10. c3 dxe4 11. dxe4 O-O 12. e5 Nd7 13. Qe2 a6 14. a4 Na5 15. b3
c4 16. b4 Nb3 17. Nxb3 cxb3 18. Bb2 Bd5 19. Nd4 Bc4 20. Qg4 Rae8 21. f4 Rc8 22.
Rad1 1/2-1/2

[Event "SCCA Bulletin 21st Anniversary"]
[Site "SCCA Email"]
[Date "2001.06.01"]
[Round "?"]
[White "Gurtovojs, Nikolajs"]
[Black "Campbell, J Franklin"]
[Result "1/2-1/2"]
[WhiteElo "2213"]
[BlackElo "2204"]
[PlyCount "64"]
[EventDate "2001.??.??"]
[Source "Chess Mail Ltd."]
[SourceDate "2003.04.28"]

1. c4 Nf6 2. Nc3 e5 3. Nf3 Nc6 4. d3 Bb4 5. Bd2 O-O 6. g3 Re8 7. Bg2 Bxc3 8.
Bxc3 d5 9. cxd5 Nxd5 10. Rc1 Nxc3 11. Rxc3 Be6 12. b3 Nd4 13. e3 c6 14. O-O Qa5
15. Rc1 Nxf3+ 16. Qxf3 Qxa2 17. Qe4 Bxb3 18. Qb4 Reb8 19. Rc3 Be6 20. Ra3 Qc2
21. Qd6 a6 22. Qxe5 h6 23. Rfa1 Re8 24. Qf4 a5 25. h4 Qb2 26. d4 Rec8 27. Rxa5
Qxa1+ 28. Rxa1 Rxa1+ 29. Kh2 b5 30. e4 Rd1 31. d5 cxd5 32. exd5 Bxd5 1/2-1/2

[Event "SCCA Bulletin 21st Anniversary"]
[Site "SCCA Email"]
[Date "2001.06.01"]
[Round "?"]
[White "Gurtovojs, Nikolajs"]
[Black "Greiner, Theodore J"]
[Result "0-1"]
[WhiteElo "2213"]
[BlackElo "2271"]
[PlyCount "54"]
[EventDate "2001.??.??"]
[Source "Chess Mail Ltd."]
[SourceDate "2003.04.28"]

1. c4 f5 2. Nc3 Nf6 3. d3 d6 4. g3 g6 5. Bg2 Bg7 6. h4 Nc6 7. Nh3 e5 8. Bg5 h6
9. Bxf6 Bxf6 10. Nd5 Bg7 11. Qd2 Nd4 12. e3 Ne6 13. O-O c6 14. Nc3 O-O 15. Rad1
f4 16. Qe2 Bd7 17. Kh2 Qe7 18. d4 exd4 19. exd4 Rae8 20. d5 f3 21. Bxf3 Nd4 22.
Rxd4 Bxd4 23. Qxe7 Rxe7 24. Nf4 g5 25. Ng6 Rxf3 26. Nxe7+ Kf7 27. hxg5 hxg5 0-1

[Event "SCCA Bulletin 21st Anniversary"]
[Site "SCCA Email"]
[Date "2001.06.01"]
[Round "?"]
[White "Gurtovojs, Nikolajs"]
[Black "Lennox, C Jonathan"]
[Result "0-1"]
[WhiteElo "2213"]
[BlackElo "2393"]
[PlyCount "68"]
[EventDate "2001.??.??"]
[Source "Chess Mail Ltd."]
[SourceDate "2003.04.28"]

1. e4 c5 2. Nf3 d6 3. Bb5+ Nd7 4. a4 Ngf6 5. d3 g6 6. Bd2 Bg7 7. Na3 O-O 8. c3
a6 9. Bxd7 Bxd7 10. b4 cxb4 11. cxb4 b5 12. a5 Rc8 13. Rc1 Rxc1 14. Qxc1 Qa8
15. O-O Rc8 16. Qd1 Bg4 17. h3 Bxf3 18. gxf3 Nh5 19. f4 Bh6 20. f5 Bxd2 21.
Qxd2 Qc6 22. fxg6 hxg6 23. Ra1 Qc3 24. Qxc3 Rxc3 25. Kf1 Nf4 26. Ke1 Rb3 27.
Nxb5 Nxd3+ 28. Kd2 Nxb4 29. Nc7 Rxh3 30. Rb1 Rd3+ 31. Ke2 Rd4 32. f3 Rc4 33.
Na8 Nc6 34. Rb6 Rc5 0-1

[Event "SCCA Bulletin 21st Anniversary"]
[Site "SCCA Email"]
[Date "2001.06.01"]
[Round "?"]
[White "Gurtovojs, Nikolajs"]
[Black "Marconi, Ralph P"]
[Result "1-0"]
[WhiteElo "2213"]
[BlackElo "2152"]
[PlyCount "63"]
[EventDate "2001.??.??"]
[Source "Chess Mail Ltd."]
[SourceDate "2003.04.28"]

1. e4 c6 2. d4 d5 3. Nc3 dxe4 4. Nxe4 Nd7 5. c3 Ngf6 6. Ng3 e6 7. Be2 c5 8. Nf3
Qc7 9. Bg5 Bd6 10. O-O O-O 11. dxc5 Bxc5 12. b4 Bd6 13. Qd4 Nd5 14. Rac1 f6 15.
Bd2 b6 16. a3 Bb7 17. c4 Nf4 18. Rfe1 e5 19. Qb2 g6 20. Bf1 Bxf3 21. gxf3 Ne6
22. c5 bxc5 23. Bc4 Rfe8 24. Qa2 Ndf8 25. bxc5 Bxc5 26. Ne4 Kg7 27. Bxe6 Nxe6
28. Nxc5 Nxc5 29. Bb4 Qb7 30. Rxc5 Qxf3 31. Rc7+ Kh6 32. Re3 1-0

[Event "SCCA Bulletin 21st Anniversary"]
[Site "SCCA Email"]
[Date "2001.06.01"]
[Round "?"]
[White "Gurtovojs, Nikolajs"]
[Black "Beecham, C Richard"]
[Result "0-1"]
[WhiteElo "2213"]
[BlackElo "2246"]
[PlyCount "68"]
[EventDate "2001.??.??"]
[Source "Chess Mail Ltd."]
[SourceDate "2003.04.28"]

1. e4 e6 2. d4 d5 3. Bd3 c5 4. exd5 exd5 5. c3 Nc6 6. Ne2 Nf6 7. Nd2 c4 8. Bc2
Bd6 9. b3 b5 10. O-O O-O 11. Re1 Qc7 12. Nf1 h6 13. Neg3 Bg4 14. f3 Bd7 15.
bxc4 bxc4 16. Nf5 Bxf5 17. Bxf5 Qa5 18. Bd2 Ne7 19. Qc2 Rab8 20. Bh3 Rb5 21.
Ne3 Rfb8 22. Rab1 a6 23. Rxb5 axb5 24. Nf5 Nxf5 25. Qxf5 Qxa2 26. Bxh6 Qb3 27.
Bxg7 Qxc3 28. Kf1 Re8 29. Rxe8+ Nxe8 30. Bh6 Qxd4 31. Ke2 b4 32. Qg5+ Kh8 33.
Bd7 b3 34. Bxe8 b2 0-1

[Event "SCCA Bulletin 21st Anniversary"]
[Site "SCCA Email"]
[Date "2001.06.01"]
[Round "?"]
[White "Gurtovojs, Nikolajs"]
[Black "Pyrich, George D"]
[Result "0-1"]
[WhiteElo "2213"]
[BlackElo "2397"]
[PlyCount "72"]
[EventDate "2001.??.??"]
[Source "Chess Mail Ltd."]
[SourceDate "2003.04.28"]

1. c4 Nf6 2. Nc3 g6 3. d4 Bg7 4. Nf3 d5 5. cxd5 Nxd5 6. e4 Nxc3 7. bxc3 c5 8.
Be3 Qa5 9. Qd2 O-O 10. Rc1 Bg4 11. Be2 Nc6 12. d5 Bxf3 13. gxf3 Rad8 14. O-O e6
15. Rfd1 exd5 16. exd5 Rd7 17. Bg5 Ne7 18. Bxe7 Rxe7 19. f4 Rd8 20. Bf3 c4 21.
Kg2 b5 22. h4 Rd6 23. h5 gxh5 24. Rh1 Rg6+ 25. Kf1 Qa3 26. Rxh5 b4 27. f5 Bxc3
28. Qc2 Rf6 29. Kg2 Qa6 30. Rh4 Re5 31. Be4 Rh6 32. Rg4+ Kh8 33. Qe2 Re8 34.
Rc2 b3 35. axb3 Qa1 36. Rxc3 Qh1+ 0-1

[Event "SCCA Bulletin 21st Anniversary"]
[Site "SCCA Email"]
[Date "2001.06.01"]
[Round "?"]
[White "Gurtovojs, Nikolajs"]
[Black "Tatlow, Stephen"]
[Result "0-1"]
[WhiteElo "2213"]
[BlackElo "2342"]
[PlyCount "52"]
[EventDate "2001.??.??"]
[Source "Chess Mail Ltd."]
[SourceDate "2003.04.28"]

1. e4 c5 2. Nf3 e6 3. a4 Nf6 4. d3 Nc6 5. Na3 d5 6. exd5 exd5 7. Be2 a6 8. Bd2
Bd6 9. c3 O-O 10. O-O Qc7 11. Rb1 Re8 12. Re1 Bg4 13. h3 Bh5 14. b4 Bxf3 15.
Bxf3 cxb4 16. cxb4 Rxe1+ 17. Bxe1 Nd4 18. Rb2 Nxf3+ 19. gxf3 Qd7 20. Kg2 Qf5
21. Bd2 Qe5 22. d4 Qh2+ {White resigned} 23. Kf1 Qh1+ 24. Ke2 Re8+ 25. Be3
Rxe3+ 26. fxe3 Qg2+ 0-1

[Event "SCCA Bulletin 21st Anniversary"]
[Site "SCCA Email"]
[Date "2001.06.01"]
[Round "?"]
[White "Lennox, C Jonathan"]
[Black "Greiner, Theodore J"]
[Result "1/2-1/2"]
[WhiteElo "2393"]
[BlackElo "2271"]
[PlyCount "76"]
[EventDate "2001.??.??"]
[Source "Chess Mail Ltd."]
[SourceDate "2003.04.28"]

1. Nf3 f5 2. c4 Nf6 3. g3 g6 4. b4 Bg7 5. Bb2 O-O 6. Bg2 d6 7. O-O e5 8. d3 c6
9. a4 h6 10. a5 Be6 11. Nc3 Qd7 12. b5 cxb5 13. Nxb5 a6 14. Nc3 Nc6 15. Na4
Rad8 16. Nb6 Qc7 17. Qa4 d5 18. cxd5 Nxd5 19. Rab1 Nxb6 20. axb6 Qf7 21. Ne1
Bb3 22. Qa3 Bd5 23. e4 fxe4 24. Bxe4 Bxe4 25. dxe4 Qc4 26. Qe3 Nd4 27. Bxd4
Rxd4 28. f3 Rc8 29. Rf2 Rc6 30. Kg2 Qe6 31. Qb3 Qxb3 32. Rxb3 Rdd6 33. Rfb2 Kf7
34. Nd3 Ke6 35. Rd2 Bf6 36. f4 exf4 37. e5 Bxe5 38. Re2 Rxd3 1/2-1/2

[Event "SCCA Bulletin 21st Anniversary"]
[Site "SCCA Email"]
[Date "2001.06.01"]
[Round "?"]
[White "Lennox, C Jonathan"]
[Black "Campbell, J.Franklin"]
[Result "1/2-1/2"]
[WhiteElo "2393"]
[BlackElo "2204"]
[PlyCount "46"]
[EventDate "2001.??.??"]
[Source "Chess Mail Ltd."]
[SourceDate "2003.04.28"]

1. Nf3 Nf6 2. c4 e6 3. g3 d5 4. d4 Bb4+ 5. Bd2 Be7 6. Bg2 O-O 7. O-O c6 8. Qb3
Nbd7 9. Nc3 Nb6 10. cxd5 exd5 11. Ne5 Bf5 12. a4 Nfd7 13. Bf4 Nxe5 14. Bxe5 Qd7
15. Bf4 Nc4 16. e4 Na5 17. Qc2 dxe4 18. Bxe4 Bxe4 19. Qxe4 Rfe8 20. Qd3 Rad8
21. Rad1 Bd6 22. Bxd6 Qxd6 23. d5 cxd5 1/2-1/2

[Event "SCCA Bulletin 21st Anniversary"]
[Site "SCCA Email"]
[Date "2001.06.01"]
[Round "?"]
[White "Lennox, C Jonathan"]
[Black "Milligan, Bernard"]
[Result "1-0"]
[WhiteElo "2393"]
[BlackElo "2435"]
[PlyCount "63"]
[EventDate "2001.??.??"]
[Source "Chess Mail Ltd."]
[SourceDate "2003.04.28"]

1. Nf3 d5 2. d4 Nf6 3. c4 c6 4. Nc3 dxc4 5. a4 c5 6. e4 e6 7. Bxc4 cxd4 8. Nxd4
Qc7 9. Qe2 Nbd7 10. O-O a6 11. f4 Bc5 12. Be3 Nb6 13. Bb3 h5 14. a5 Nbd7 15. h3
e5 16. fxe5 Qxe5 17. Rf5 Qe7 18. Nf3 O-O 19. Bxc5 Nxc5 20. Re5 Be6 21. Bxe6
Nxe6 22. Nd5 Qd6 23. Nxf6+ gxf6 24. Rf5 Rac8 25. Rxf6 Qg3 26. Qe1 Qg7 27. Qh4
Rc2 28. Ne1 Re2 29. Rf3 Qxb2 30. Rg3+ Ng7 31. Rd1 Re8 32. Nf3 1-0

[Event "SCCA Bulletin 21st Anniversary"]
[Site "SCCA Email"]
[Date "2001.06.01"]
[Round "?"]
[White "Lennox, C Jonathan"]
[Black "Tatlow, Stephen"]
[Result "1/2-1/2"]
[WhiteElo "2393"]
[BlackElo "2342"]
[PlyCount "72"]
[EventDate "2001.??.??"]
[Source "Chess Mail Ltd."]
[SourceDate "2003.04.28"]

1. Nf3 Nf6 2. c4 c6 3. d4 d5 4. Nc3 e6 5. Bg5 dxc4 6. e4 b5 7. e5 h6 8. Bh4 g5
9. Nxg5 hxg5 10. Bxg5 Nbd7 11. exf6 Bb7 12. g3 c5 13. d5 Bh6 14. Bxh6 Rxh6 15.
Qd2 Rxf6 16. O-O-O Kf8 17. f4 exd5 18. Bg2 Nb6 19. Rhe1 Rh6 20. h4 b4 21. Ne4
Qc7 22. f5 Rh8 23. Qg5 d4 24. Qf6 Kg8 25. Ng5 Nd5 26. Bxd5 Bxd5 27. Re7 Qc6 28.
Qxc6 Bxc6 29. Rxf7 Rh6 30. Rc7 c3 31. Nf7 Rf6 32. Ne5 Be4 33. Rxc5 Rxf5 34.
bxc3 bxc3 35. Re1 d3 36. Nxd3 Bxd3 1/2-1/2

[Event "SCCA Bulletin 21st Anniversary"]
[Site "corr"]
[Date "2001.??.??"]
[Round "?"]
[White "Lennox, C Jonathan"]
[Black "Blair, David"]
[Result "1/2-1/2"]
[WhiteElo "2393"]
[BlackElo "2326"]
[PlyCount "56"]
[EventDate "2001.??.??"]
[Source "Chess Mail Ltd."]
[SourceDate "2003.04.28"]

1. Nf3 g6 2. c4 Bg7 3. d4 Nf6 4. Nc3 d5 5. cxd5 Nxd5 6. e4 Nxc3 7. bxc3 c5 8.
Be3 Qa5 9. Qd2 Nc6 10. Rc1 cxd4 11. cxd4 Qxd2+ 12. Kxd2 O-O 13. d5 Rd8 14. Ke1
Na5 15. Bg5 Bd7 16. Bd3 f5 17. e5 Be8 18. d6 Rdc8 19. dxe7 h6 20. Bd2 Rxc1+ 21.
Bxc1 Nc6 22. Bc4+ Bf7 23. e6 Be8 24. Ba3 Rc8 25. Kd2 Nxe7 26. Rc1 Bf6 27. Bb3
Bc6 28. Bb4 Kf8 1/2-1/2

[Event "SCCA Bulletin 21st Anniversary"]
[Site "corr"]
[Date "2001.??.??"]
[Round "?"]
[White "Lennox, C Jonathan"]
[Black "Fordham Hall, Christopher M"]
[Result "1-0"]
[WhiteElo "2393"]
[BlackElo "2299"]
[PlyCount "39"]
[EventDate "2001.??.??"]
[Source "Chess Mail Ltd."]
[SourceDate "2003.04.28"]

1. Nf3 Nf6 2. c4 c5 3. Nc3 e6 4. g3 Nc6 5. Bg2 d5 6. cxd5 exd5 7. d4 h6 8. O-O
Be6 9. Bf4 Rc8 10. Rc1 Qa5 11. a3 c4 12. Ne5 Qa6 13. e4 dxe4 14. d5 Nxd5 15.
Nxd5 Nxe5 16. Bxe5 f6 17. Nc7+ Rxc7 18. Bxc7 Qc6 19. Qd8+ Kf7 20. Rfd1 1-0

[Event "SCCA Bulletin 21st Anniversary"]
[Site "corr"]
[Date "2001.??.??"]
[Round "?"]
[White "Lennox, C Jonathan"]
[Black "Pyrich, George D"]
[Result "0-1"]
[WhiteElo "2393"]
[BlackElo "2397"]
[Annotator "Pyrich"]
[PlyCount "74"]
[EventDate "2001.??.??"]
[Source "Chess Mail Ltd."]
[SourceDate "2003.04.28"]

1. Nf3 c5 2. c4 g6 3. d4 Bg7 4. e4 Qa5+ (4... cxd4 $142 5. Nxd4 Nc6 $11) 5. Nc3
(5. Bd2 Qb6 6. Bc3 cxd4 7. Bxd4 Bxd4 8. Qxd4 Qxd4 9. Nxd4 Nc6 $11) 5... Nc6 (
5... cxd4 6. Nxd4 Nf6 7. Nb3 Qc7 $14) (5... Nf6 6. Bd2 cxd4 7. Nxd4 O-O $14) (
5... d6 6. d5 Nf6 $14 (6... Bxc3+ $6)) 6. d5 Nd4 7. Bd2 Nxf3+ (7... d6 $5 8.
Nxd4 cxd4 9. Nb5 Qd8 $13) (7... e5 $4 8. Nxd4 exd4 9. Nb5 $18) 8. Qxf3 d6 9.
Qd1 $1 $16 Nf6 10. Be2 O-O 11. O-O a6 (11... e6 $142 12. dxe6 fxe6 13. Be3 Ne8
14. Qd2 Bd7 15. Rad1 a6 $14) 12. a4 Bd7 13. f4 Qc7 {#} 14. f5 (14. Bf3 $142
Rab8 (14... e6 $6 15. Re1 exd5 $2 16. e5 Ne4 17. Nxd5 $1 $18) 15. Re1 b5 16.
axb5 axb5 17. e5 $36) 14... e6 $5 (14... b5 $2 15. cxb5 axb5 16. Bxb5 Bxb5 17.
Nxb5 $18) (14... Rfb8 15. Qe1 $40) (14... gxf5 $5 15. exf5 Kh8 16. g4 Rg8 17.
g5 Ne8 18. Bh5 Bd4+ 19. Kh1 $18) 15. dxe6 (15. g4 $5 exf5 (15... exd5 $6 16. g5
Nxe4 17. f6 Nxc3 18. Bxc3 Bh8 19. cxd5 Rfe8 $18) 16. exf5 gxf5 17. gxf5 Kh8 18.
Qe1 Ne8 19. Kh1 Bf6 $13) 15... fxe6 16. Bf4 (16. fxe6 $143 Bxe6 17. Bf4 Rad8
18. Qd2 Qc6 19. Nd5 Bxd5 20. exd5 Qc7 21. Bf3 Nd7 $11) (16. fxg6 $142 hxg6 17.
Qc2 $16 (17. e5 $143 dxe5 18. Qc2 e4 19. Nxe4 Nxe4 20. Qxe4 Qe5 $11) (17. Bf4
Ne8 18. Qd3 Bd4+ 19. Be3 $13) (17. Qe1 $6 Bc6 18. Qh4 $13)) 16... Ne8 (16... e5
$6 17. Bg5 $1 (17. Nd5 $143 Nxd5 18. Qxd5+ Kh8 19. Be3 gxf5 20. Rfd1 Bc6 21.
Qxd6 Qxd6 22. Rxd6 Bxe4 23. Bxc5 $11) 17... gxf5 18. exf5 Bc6 19. Bxf6 Bxf6 20.
Bf3 Kh8 $16) 17. fxg6 (17. g4 $143 Bd4+ 18. Kh1 gxf5 19. gxf5 exf5 20. Nd5 Qd8
$13) (17. fxe6 $143 Bd4+ 18. Kh1 Bxe6 19. Qd2 Nf6 $11) 17... hxg6 18. Qd3 (18.
e5 $143 $6 dxe5 19. Bg5 (19. Be3 Nd6 $11) 19... Rxf1+ 20. Bxf1 e4 $1 21. Qg4
Bd4+ $15) (18. Qd2 Bc6 19. Rad1 Bd4+ 20. Be3 $13) 18... Bc6 19. e5 (19. Qg3
Bd4+ 20. Kh1 Bxc3 $6 21. Qxc3 Bxe4 22. Qe3 Qc6 (22... Nf6 $2 23. Bh6 Rf7 24.
Rxf6 $18) 23. Bf3 Nf6 24. Bg5 Bxf3 25. Qxe6+ Rf7 26. Rxf3 Re8 27. Qh3 Nh7 (
27... Qxa4 28. Raf1) 28. Bh4 $13) (19. Qh3 Bd4+ 20. Kh1 Ng7 $11) (19. Bg4 $142
Qe7 20. e5 $36 dxe5 21. Be3 Rxf1+ 22. Rxf1 e4 23. Nxe4 Rd8 24. Qc2 Bd4 25. Bxd4
Rxd4 26. Bf3 $16 (26. Nf6+ $16)) 19... dxe5 20. Bg3 Rf5 $8 (20... e4 21. Rxf8+
Kxf8 22. Rf1+ Kg8 23. Nxe4 Bd4+ 24. Kh1 Qg7 25. Bg4 $18) 21. Bg4 Rd8 22. Qe2
Qe7 23. Bxf5 exf5 24. Nd5 (24. Rad1 e4 25. a5 Bd4+ $11) 24... Bxd5 25. cxd5 {#}
25... e4 $1 (25... Rxd5 $143 26. Rad1 Rxd1 27. Rxd1 e4 28. a5 (28. Bf2 $143 Nc7
29. Qd2 Ne6 $44) 28... Bd4+ 29. Bf2 Qe5 30. Qc4+ $16) 26. Bf2 $6 (26. Rad1 $142
Bd4+ 27. Kh1 Rxd5 28. b4 $11) 26... Bd4 (26... Rxd5 27. Rad1 Bd4) 27. Ra3 $2 (
27. Rad1 $142 Rxd5 28. b4 Bxf2+ (28... Nc7 $143 $6 29. bxc5 Qxc5 30. Bxd4 Rxd4
31. Qa2+ Qd5 32. Qxd5+ Rxd5 33. Rxd5 Nxd5 34. Rd1 Nc3 35. Rd8+ Kf7 36. a5 $18)
(28... Nf6 $143 $6 29. bxc5 Bxf2+ 30. Qxf2 Qxc5 31. Rxd5 Qxf2+ 32. Kxf2 Nxd5
33. a5 $18) 29. Qxf2 Rxd1 30. Rxd1 cxb4 31. Qb6 Kg7 32. Rb1 Nd6 33. Rxb4 e3 $5
$13) 27... Rxd5 28. g4 $5 (28. Rg3 $142 Kg7 29. a5 Nd6 $15) (28. Be3 Nd6 29.
Kh1 $15) 28... f4 29. Bxd4 $2 (29. Qc4 Qe5 30. Bxd4 Qxd4+ 31. Qxd4 cxd4 32.
Rxf4 Nd6 $17 33. Ra1 d3 34. Kf2) 29... cxd4 30. Rxf4 d3 $1 $19 (30... Nd6 31.
Rh3 d3 32. Qd2 Nc4 33. Qc3 Qc5+ $17) 31. Rxe4 (31. Qd1 e3 32. Ra1 e2 33. Qd2
Qg5 34. Re1 Rf5 $1 35. Qxd3 Rxf4 $19) (31. Rxd3 Rxd3 32. Rxe4 Qc5+ 33. Kh1 Qd5
$19) (31. Qxe4 Qxe4 32. Rxe4 d2 33. Rxe8+ Kf7 34. Rf3+ Kxe8 35. Rf1 d1=Q $19)
31... Qc5+ 32. Qf2 {#} (32. Qe3 Qxe3+ 33. Rxe3 d2 34. Rad3 (34. Rxe8+ Kf7 35.
Ra1 d1=Q+ 36. Rxd1 Rxd1+ 37. Kf2 Kxe8 $19) 34... d1=Q+ 35. Rxd1 Rxd1+ 36. Kf2
Kf7 $19) 32... d2 33. Rxe8+ (33. Ra1 d1=Q+ 34. Rxd1 Rxd1+ 35. Kg2 Qxf2+ 36.
Kxf2 Nd6 $19) 33... Kg7 34. Ra1 d1=Q+ 35. Rxd1 Rxd1+ 36. Kg2 Qc6+ 37. Qf3 Rg1+
0-1

[Event "SCCA Bulletin 21st Anniversary"]
[Site "SCCA Email"]
[Date "2001.06.01"]
[Round "?"]
[White "Mackintosh, Iain"]
[Black "Gurtovojs, Nikolajs"]
[Result "1-0"]
[WhiteElo "2247"]
[BlackElo "2213"]
[PlyCount "89"]
[EventDate "2001.??.??"]
[Source "Chess Mail Ltd."]
[SourceDate "2003.04.28"]

1. e4 c5 2. Nf3 d6 3. d4 cxd4 4. Nxd4 Nf6 5. Nc3 g6 6. Be3 Bg7 7. f3 h5 8. Bc4
Nc6 9. O-O Bd7 10. Nxc6 bxc6 11. Qd2 Qc7 12. Rad1 Rb8 13. b3 a5 14. Rfe1 h4 15.
h3 Rh5 16. f4 Kf8 17. Bd4 Ne8 18. Bxg7+ Nxg7 19. Qf2 Be8 20. a3 f6 21. e5 dxe5
22. fxe5 Rxe5 23. Qxh4 Rh5 24. Qf2 Bf7 25. Bd3 Ne8 26. Be4 Kg7 27. Bf3 Re5 28.
Rxe5 Qxe5 29. Qa7 Rc8 30. Ne4 Rc7 31. Qc5 Qxc5+ 32. Nxc5 Nd6 33. Kf2 g5 34. a4
Kh6 35. c3 Bg8 36. b4 axb4 37. cxb4 Bc4 38. a5 f5 39. g4 f4 40. Rc1 Bb5 41. Ne6
Rb7 42. Nd4 Ba4 43. Ra1 Rxb4 44. Nf5+ Kh7 45. Nxd6 1-0

[Event "SCCA Bulletin 21st Anniversary"]
[Site "SCCA Email"]
[Date "2001.06.01"]
[Round "?"]
[White "Mackintosh, Iain"]
[Black "Greiner, Theodore J"]
[Result "0-1"]
[WhiteElo "2247"]
[BlackElo "2271"]
[PlyCount "148"]
[EventDate "2001.??.??"]
[Source "Chess Mail Ltd."]
[SourceDate "2003.04.28"]

1. e4 c5 2. Nf3 Nc6 3. d4 cxd4 4. Nxd4 g6 5. Nc3 Bg7 6. Be3 Nf6 7. Bc4 Qa5 8.
f3 Qb4 9. Bb3 Nxe4 10. fxe4 Bxd4 11. Bxd4 Qxd4 12. Qf3 e6 13. Rd1 Qe5 14. O-O
O-O 15. Qd3 Qc5+ 16. Rf2 b6 17. Na4 Qg5 18. Qd6 Ne5 19. Nc3 Bb7 20. Qc7 Bc6 21.
Rdf1 Rac8 22. Qd6 Ng4 23. Qg3 h6 24. Rf4 Ne5 25. Qf2 Qe7 26. Qg3 f6 27. Rh4 Kh7
28. Qh3 Qg7 29. Rhf4 g5 30. R4f2 Qg6 31. Re2 b5 32. a4 a6 33. Qe3 b4 34. Na2 a5
35. c3 bxc3 36. Nxc3 Rb8 37. Bd1 Qe8 38. b3 Qe7 39. Bc2 Kg7 40. h3 Bb7 41. Rd2
Rfc8 42. Nb5 Qc5 43. Nd4 Ba6 44. Rfd1 Qc3 45. Qf2 Rc7 46. Bb1 Rbc8 47. Nf3
Nxf3+ 48. Qxf3 Qxf3 49. gxf3 Kf8 50. Kf2 Ke7 51. Rd6 Bb7 52. Rb6 Bc6 53. Bd3
Rb7 54. Rxb7 Bxb7 55. b4 axb4 56. Rb1 Rc3 57. Rxb4 Bc6 58. Ke2 Ra3 59. Bb5 Kd6
60. Kf2 h5 61. Bxc6 dxc6 62. Rd4+ Ke5 63. Rc4 Kf4 64. Rxc6 Ra2+ 65. Ke1 Kxf3
66. Rxe6 Rxa4 67. Rxf6+ Kg3 68. Rf5 Rxe4+ 69. Kd2 Kh4 70. Ra5 Rb4 71. Kc2 Rf4
72. Kd3 Rf3+ 73. Ke4 Rg3 74. Kf5 Kxh3 0-1